Cosa leggere sull'emarginazione sociale

Đã lưu trong:
Chi tiết về thư mục
Tác giả chính: Tavassi La Greca, Maria Teresa
Định dạng: Sách
Ngôn ngữ:Tiếng Anh
Các nhãn: Thêm thẻ
Không có thẻ, Là người đầu tiên thẻ bản ghi này!

MARC

LEADER 00000nam a2200000 4500
001 CDOM0000002287
003 mi
005 20250902204627.0
008 250902b |||||||| |||| 00| 0 eng d
040 |c mi 
100 |a Tavassi La Greca, Maria Teresa 
245 1 |a Cosa leggere sull'emarginazione sociale  
942 |2 ddc  |c BK 
952 |0 0  |1 0  |2 ddc  |4 0  |7 0  |9 5900  |a MI  |b MI  |d 1987-08-03  |i 480  |l 0  |p CDOM480  |r 2025-07-13 16:28:00  |w 2025-07-13  |x DONO  |y BK 
952 |0 0  |1 0  |2 ddc  |4 0  |7 0  |9 5901  |a MI  |b MI  |d 1987-03-08  |i 481  |l 0  |p CDOM481  |r 2025-07-13 16:28:00  |w 2025-07-13  |x DONO  |y BK 
999 |c 4711  |d 4711